000 00603nam a2200181 i 4500
001 66287
003 ES-MaACL
005 20230906165604.0
007 t|
008 040203s1973 sp ||||1| spa d
100 1 _aGalimard, Pierre.
_953421
245 1 0 _aDescubrimiento del incosciente
_b: de la psicología de las profundidades a los métodos psicoanalíticos /
_cPierre Galimard ; versión por Pilar Grimaldo Tormos.
250 _a2ª ed.
260 _aAlcoy :
_bMarfil,
_c1973.
300 _a150 p. ;
_c18 cm.
700 1 _aGrimaldo Tormos, Pilar.
_960044
852 _aES-MaACL
_jC-53083
_bR.85407
999 _c66287
_d66287